| 000 | 00934cam a2200217 4500 | ||
|---|---|---|---|
| 001 | WB3818-23 | ||
| 008 | 020515n2002 000 0 eng u | ||
| 035 | _a(Sirsi) u117969 | ||
| 245 | _aOEA scheme and association members | ||
| 260 | _c2002 | ||
| 490 |
_aNegotiator _v17(6) 10 May 2002, 3(1) |
||
| 520 | _aOrganisations such as the National Association for Estate Agents and RICS are being urged to make membership of the Ombudsman for Estate Agents mandatory for their own members. This follows many complaints against agents most of which were not members of the OEA. In fact only just over one third of UK estate agents are part of the scheme. | ||
| 590 | _aWB | ||
| 650 | _aOMBUDSMAN FOR ESTATE AGENTS | ||
| 650 | _aNATIONAL ASSOCIATION OF ESTATE AGENTS | ||
| 650 | _aRICS | ||
| 650 | _aGUILD OF PROFESSIONAL AGENTS | ||
| 650 | _aTEAM | ||
| 690 | _aMANAGEMENT-BUSINESS MANAGEMENT-PROFESSIONAL PRACTICE | ||
| 942 | _n0 | ||
| 999 |
_c70257 _d70257 |
||